000 00806nam a2200277 a 4500
999 _c9089
_d9089
001 9089
003 BD - JhCC
005 20180315085613.0
008 981222s1999 caua 001 0 eng d
020 _a0534523803
035 _a(BD - JhCC)9089
035 _a(UkOxU)UkOxUw10567714
040 _aBD-JhCC
_dBD-JhCC
041 _aeng
082 0 _a808.02
_221
_bROT 1999
100 1 _aRoth, Audrey J.
245 1 4 _aThe research paper :
_bprocess, form, and content /
_cAudrey J. Roth.
250 _a5th ed.
260 _aBelmont, Calif. ;
_aLondon :
_bWadsworth Publishing Co.,
_cc1999.
300 _axvi, 312 p :
_bill ;
_c23 cm.
504 _aIncludes bibliographical references (p. [289]-303) and index.
650 0 _aReport writing.
650 0 _aResearch.
942 _2ddc
_cBK